[Event "I Magistral"]
[Site "Guarapari BRA"]
[Date "2006.05.24"]
[Round "2"]
[White "Stamenkovic,Dr"]
[Black "Asfora,M"]
[Result "1-0"]
[WhiteElo "2334"]
[BlackElo "2285"]

1.d4 Nf6 2.Bg5 Ne4 3.Bf4 d5 4.e3 c5 5.Bd3 Nc6 6.Bxe4 dxe4 7.d5 Nb4 8.Nc3 e6
9.d6 Nc6 10.Qh5 e5 11.Bg5 Qxd6 12.Rd1 Qb8 13.Nxe4 Bf5 14.Nf6+ gxf6 15.Bxf6 Bg6
16.Qg4 Qc8 17.Qxc8+ Rxc8 18.Bxh8 Ke7 19.f4 f6 20.Ne2 Bh6 21.f5 Bf7 22.Bxf6+ Kxf6
23.Rd6+ Kg7 24.Kf2 Bg5 25.h4 Be7 26.Rd7 Rb8 27.g4 Be8 28.Rdd1 Na5 29.g5 Kg8
30.Nc3 Nc4 31.b3 Nb6 32.e4 c4 33.Nd5 Bc5+ 34.Kg3 Nxd5 35.Rxd5 Bd4 36.Rd1 cxb3
37.cxb3 Rc8 38.R5xd4 exd4 39.Rxd4 Rc3+ 40.Kg4 Re3 41.h5 Re1 42.g6 hxg6 43.hxg6 Kg7
44.Kg5 Rg1+ 45.Kf4 Rf1+ 46.Ke5 Bc6 47.Ke6 Rf4 48.Ke5 Rf2 49.a4 a6 50.Rc4 Rf1
51.Ke6 Rf4 52.e5 Rf1 53.Rh4 Rd1 54.Rh7+ Kg8 55.Kf6 Rd8 56.Rg7+ Kh8 57.e6 Bd5
58.Rd7 Rf8+ 59.Ke5 Rc8 60.e7  1-0

[Event "37th Olympiad w"]
[Site "Turin ITA"]
[Date "2006.05.24"]
[Round "4"]
[White "Hoang Thanh Trang"]
[Black "Skripchenko,A"]
[Result "1-0"]
[WhiteElo "2487"]
[BlackElo "2423"]

1.d4 Nf6 2.Bg5 Ne4 3.Bf4 c5 4.f3 Qa5+ 5.c3 Nf6 6.Nd2 cxd4 7.Nb3 Qb6 8.Qxd4 Qxd4
9.cxd4 Nc6 10.Kf2 e6 11.Rc1 a5 12.a4 Bb4 13.e4 d6 14.Bb5 Bd7 15.Ne2 Ke7 16.Nc3 Rhc8
17.e5 Ne8 18.Ne4 h6 19.Rhd1 b6 20.exd6+ Nxd6 21.d5 exd5 22.Bxd6+ Bxd6 23.Rxd5 Bf4
24.Rc3 Be8 25.Rf5 Bb8 26.g3 f6 27.f4 Bg6 28.Bxc6 Rxc6 29.Rxc6 Bxf5 30.Kf3 Bd7
31.Rxb6 Bxa4 32.Nbc5 Bd1+ 33.Kg2 Bg4 34.Nc3 Kf8 35.Nb5 Ba7 36.Nxa7 Rxa7 37.h3 Be2
38.Ne6+ Kf7 39.f5 Bc4 40.Nf4 a4 41.Kf2 Re7 42.Ng6 Re8 43.Rb7+ Kg8 44.Ra7 Bb3
45.g4 Kh7 46.Nf4 Kg8 47.Kg3 Re3+ 48.Kh4 Re8 49.Nh5 Bf7 50.Rxa4 Rb8 51.Nf4 Rxb2
52.Ra8+ Kh7 53.Rf8 Rb7 54.Kg3 Rb3+ 55.Kf2 Rb2+ 56.Ke3 Rb3+ 57.Kd2 Rb2+ 58.Kc1 Rf2
59.Nd3 Rf3 60.Ne1 Rxh3 61.Rxf7 Rg3 62.Kd2 Rxg4 63.Ke3 Kg8 64.Ra7 g6 65.fxg6 Rxg6
66.Kf4 Rg7 67.Ra6 Kf7 68.Nf3 h5 69.Kf5 Kg8 70.Nh4 Rg4 71.Ng6 Kg7 72.Ra7+ Kh6
73.Nf4 Rg7 74.Ra8 h4 75.Ne6 Rb7 76.Rh8+ Rh7 77.Rg8 Ra7 78.Rg4 Ra5+ 79.Kxf6 h3
80.Rg6+ Kh7 81.Ng5+ Kh8 82.Nf7+ Kh7 83.Rg7+  1-0

[Event "3rd All-China Games"]
[Site "Suzhou CHN"]
[Date "2006.05.25"]
[Round "10"]
[White "Yu Lie"]
[Black "Li Shilong"]
[Result "1/2-1/2"]
[WhiteElo "2334"]
[BlackElo "2539"]

1.d4 Nf6 2.Bg5 Ne4 3.Bf4 c5 4.f3 Qa5+ 5.c3 Nf6 6.Nd2 cxd4 7.Nb3 Qb6 8.Qxd4 Qxd4
9.cxd4 d5 10.e3 e6 11.Bd3 Nc6 12.Rc1 Nh5 13.Bg5 h6 14.Bh4 Be7 15.Bxe7 Kxe7
16.Ne2 Bd7 17.Nc5 Nb4 18.Bb1 b6 19.Nxd7 Kxd7 20.a3 Nc6 21.Bd3 Rhc8 22.Kf2 Nf6
23.Ba6 Rc7 24.Nc3 Nb8 25.Bb5+ Kd8 26.Na4 Nbd7 27.Rxc7 Kxc7 28.Rc1+ Kd8 29.Ba6 Ne8
30.Nc3 Nd6 31.Ke2 Nf6 32.e4 dxe4 33.fxe4 Nfe8 34.e5 Nc7 35.Bd3 Nc8 36.Be4 Rb8
37.Rf1 Ke8 38.Bc6+ Kf8 39.d5 exd5 40.Nxd5 Ne7 41.Nxc7 Nxc6 42.e6 Ne5 43.exf7 Nxf7
44.Nb5 Re8+ 45.Kf2 Rd8 46.Ke2 Re8+ 47.Kd2 Rd8+ 48.Kc3 Rd5 49.Nd4 Kg8 50.Nf5 Rd7
51.Re1 Kf8 52.Nd4 Nd6 53.b3 Kf7 54.Rf1+ Ke8 55.Re1+ Kf7 56.Rf1+ Kg6 57.Re1 Rc7+
58.Kd3 Rd7 59.Kc3 Nc8 60.Re6+ Kf7 61.Re2 Ne7 62.Rf2+ Ke8 63.Re2 Kf7 64.Rf2+ Kg8
65.Nf5 Rc7+ 66.Kb2 Nd5 67.Rd2 Nf6 68.Re2 Kf8 69.Nd4 Kf7 70.Nb5 Rd7 71.Nc3 g5
72.b4 h5 73.Kb3 Kg6 74.a4 h4 75.Kc4 Rc7+ 76.Kb3 Nh5 77.a5 Nf4 78.Rd2 bxa5
79.bxa5 Kf5 80.Nb5 Re7 81.Kc4 g4 82.g3 hxg3 83.hxg3 Ng6 84.Nd4+ Kg5 85.Nc6 Re4+
86.Rd4 Re3 87.Rd3 Ne5+ 88.Nxe5 Rxe5 89.Kb4 a6 90.Rd6 Re3 91.Rxa6 Rxg3 92.Ra8 Rg1
93.Rg8+ Kf4 94.Kb5 Rb1+ 95.Kc6 Ra1 96.Kb6  1/2-1/2

[Event "37th Olympiad w"]
[Site "Turin ITA"]
[Date "2006.05.25"]
[Round "5"]
[White "Ovezova,Mai"]
[Black "Lomineishvili,M"]
[Result "1-0"]
[WhiteElo "2137"]
[BlackElo "2395"]

1.d4 Nf6 2.Bg5 Ne4 3.Bf4 d5 4.Nf3 e6 5.Nbd2 c5 6.c3 Nxd2 7.Qxd2 Nd7 8.e3 Nf6
9.Bd3 Be7 10.Rd1 O-O 11.h3 b6 12.Ne5 Bb7 13.Qe2 a5 14.O-O c4 15.Bb1 b5 16.g4 b4
17.Qc2 g6 18.h4 Nd7 19.h5 Nxe5 20.Bxe5 Bd6 21.f4 Bxe5 22.fxe5 Qg5 23.Rf4 Bc6
24.Rdf1 Rab8 25.hxg6 hxg6 26.Qe2 bxc3 27.bxc3 Rb7 28.Qf3 f5 29.exf6 Rbf7
30.e4 e5 31.dxe5 Qxe5 32.exd5 Bxd5 33.Be4 Bxe4 34.Qxe4 Qxe4 35.Rxe4 Rxf6
36.Rxf6 Rxf6 37.Rxc4 Rd6 38.a4 Rd2 39.Rc5 Rc2 40.Rxa5 Rxc3 41.Kf2 Ra3 42.Ra7 Kf8
43.a5 Ke8 44.a6 Kd8 45.Ra8+ Kc7 46.a7 Kb7 47.Rg8 Kxa7 48.Rxg6 Kb7 49.Rf6 Kc7
50.Rf3 Ra2+ 51.Kg3 Kd6 52.Re3 Ra8 53.g5 Ra4 54.Kf3 Kd7 55.Kg3 Rb4 56.Kh3 Ra4
57.g6 Ra6 58.Rg3 Ra8 59.Kh4 Ke7 60.Rf3 Ra1 61.Kg5 Rh1 62.Rf7+ Ke8 63.Kf6 Rf1+
64.Kg7 Re1 65.Kg8 Rg1 66.g7 Rg2 67.Ra7 Rg1 68.Ra6 Ke7 69.Rh6 Ke8 70.Rh4 Ke7
71.Kh7 Kf7 72.g8=Q+  1-0

[Event "I Magistral"]
[Site "Guarapari BRA"]
[Date "2006.05.27"]
[Round "6"]
[White "Stamenkovic,Dr"]
[Black "Bittencourt,J"]
[Result "1/2-1/2"]
[WhiteElo "2334"]
[BlackElo "2395"]

1.d4 Nf6 2.Bg5 Ne4 3.Bf4 c5 4.f3 Qa5+ 5.c3 Nf6 6.Nd2 cxd4 7.Nb3 Qb6 8.Qxd4 Qxd4
9.cxd4 Nc6 10.Rc1 a5 11.a4 d6 12.e4 e5 13.Bg5 exd4 14.Ne2 d3 15.Ned4 Nxd4
16.Nxd4 d5 17.Bxd3 Bb4+ 18.Kf2 dxe4 19.Bb5+ Kf8 20.Bxf6 gxf6 21.fxe4 Bd6
22.Rhd1 Be5 23.b3 Kg7 24.g3 Rd8 25.Ke3 Bg4 26.Nf3 Rxd1 27.Rxd1 Rc8 28.Bc4 Rc7
29.Rd8 Bxf3 30.Kxf3 Bc3 31.Kg4 Bb4 32.Kf5 Re7  1/2-1/2

[Event "37th Olympiad w"]
[Site "Turin ITA"]
[Date "2006.05.29"]
[Round "8"]
[White "Hoang Thanh Trang"]
[Black "Lahno,Kateri"]
[Result "1-0"]
[WhiteElo "2487"]
[BlackElo "2468"]

1.d4 Nf6 2.Bg5 Ne4 3.Bf4 c5 4.f3 Qa5+ 5.c3 Nf6 6.Nd2 cxd4 7.Nb3 Qb6 8.Qxd4 Nc6
9.Qxb6 axb6 10.Be3 e5 11.Bxb6 d5 12.e4 dxe4 13.Bc4 Bf5 14.Ne2 exf3 15.gxf3 Be7
16.Ng3 Bg6 17.Kf2 Nd7 18.Be3 f5 19.f4 Bd6 20.Rhd1 Bc7 21.Nc5 Nxc5 22.Bxc5 exf4
23.Re1+ Ne5 24.Nxf5 Bxf5 25.Bd4 O-O-O 26.Bxe5 Rd2+ 27.Kf3 Bd7 28.Bxc7 Bc6+
29.Kxf4 Kxc7 30.Re7+ Kb6 31.Rg1 Rf8+ 32.Ke3 Rxh2 33.Be2 g6 34.c4 Kc5 35.Rg5+ Kb6
36.b4 Rh3+ 37.Kd2 Ra3 38.c5+ Ka7 39.b5 Rxa2+ 40.Kc3 Rxe2 41.b6+ Ka6 42.Rxe2 Rf3+
43.Kd4 Rf4+ 44.Ke5 Rc4 45.Kd6 Rd4+ 46.Kc7 Rd7+ 47.Kc8 Kb5 48.Rb2+ Kc4 49.Rc2+ Kb5
50.Re5 Rf7 51.Re1 Bd7+ 52.Kb8 Bf5 53.Rc3 h5 54.Re2 Kc6 55.Rd2 Rf6 56.Rd6+ Rxd6
57.cxd6+ Kxb6 58.Rc7 h4 59.d7 Bxd7 60.Rxd7 Kc5 61.Kxb7 h3 62.Rh7 Kd5 63.Rxh3 Ke4
64.Rg3 Kf5 65.Kc6 g5 66.Kd5 Kf4 67.Rg1 g4 68.Kd4 Kf3 69.Kd3 g3 70.Rf1+ Kg2
71.Ke2 Kh2 72.Ra1 Kg2 73.Rb1  1-0

[Event "2nd Open"]
[Site "San Marino SMR"]
[Date "2006.06.10"]
[Round "8"]
[White "Bhat,V"]
[Black "Iordachescu,V"]
[Result "1-0"]
[WhiteElo "2409"]
[BlackElo "2601"]

1.d4 Nf6 2.Bg5 Ne4 3.Bf4 c5 4.f3 Nf6 5.dxc5 b6 6.e4 bxc5 7.e5 Nh5 8.Be3 g6
9.Nc3 Nc6 10.f4 Rb8 11.Rb1 Qa5 12.Qd2 d6 13.Bc4 Bg7 14.Bd5 Nd4 15.Nf3 O-O
16.O-O e6 17.Be4 Ba6 18.Rfd1 dxe5 19.Nxe5 Qc7 20.g3 f6 21.Nd3 f5 22.Bg2 Rfd8
23.Qf2 Rd6 24.h3 Rbd8 25.Kh2 Bxd3 26.Rxd3 e5 27.Bxd4 cxd4 28.Nb5 Qb8 29.Nxd6 Qxd6
30.Re1 exf4 31.g4 fxg4 32.hxg4 Nf6 33.Qf3 h5 34.gxh5 g5 35.Bh3 Qc5 36.c3 Qb5
37.Rxd4 Rxd4 38.cxd4 Qxb2+ 39.Re2 Qxd4 40.Qb3+ Kh8 41.Bf5 Bf8 42.Qf7 Qd6
43.Kh3 g4+ 44.Kh4 f3 45.Re6 Qh2+ 46.Kg5 Qd2+ 47.Kxf6 Qh6+ 48.Qg6 Bg7+ 49.Kf7  1-0

[Event "2nd Open"]
[Site "San Marino SMR"]
[Date "2006.06.10"]
[Round "8"]
[White "Nordenbaek,J"]
[Black "Kuljasevic,D"]
[Result "0-1"]
[WhiteElo "2251"]
[BlackElo "2408"]

1.d4 Nf6 2.Bg5 Ne4 3.Bf4 d5 4.f3 Nf6 5.Nc3 c5 6.e4 cxd4 7.Qxd4 Nc6 8.Bb5 Bd7
9.Bxc6 Bxc6 10.exd5 Nxd5 11.Nxd5 Qxd5 12.Qxd5 Bxd5 13.O-O-O e6 14.Kb1 Bc5
15.Ne2 Ke7 16.a3 Rhd8 17.Be5 f6 18.Bd4 Bd6 19.Rhe1 Kf7 20.Bg1 Bc7 21.Nd4 a6
22.Ne2 g5 23.Ng3 f5 24.b3 Bc6 25.Ka2 Rxd1 26.Rxd1 Rd8 27.Rxd8 Bxd8 28.Ne2 e5
29.c4 h5 30.h3 h4 31.b4 b5 32.c5 Bd5+ 33.Kb2 Bc4 34.Nc3 Ke6 35.Nd1 f4 36.Nc3 Bf1
37.Ne4 Kd5 38.a4 Bxg2  0-1

[Event "FSIM June"]
[Site "Budapest HUN"]
[Date "2006.06.11"]
[Round "7"]
[White "Reiss,T"]
[Black "Kayar,E"]
[Result "1-0"]
[WhiteElo "2377"]
[BlackElo "2191"]

1.d4 Nf6 2.Bg5 Ne4 3.Bf4 c5 4.f3 Qa5+ 5.c3 Nf6 6.Nd2 cxd4 7.Nb3 Qd8 8.cxd4 d5
9.e3 Nc6 10.Bd3 e6 11.Ne2 Bb4+ 12.Kf2 O-O 13.Rc1 Bd7 14.a3 Be7 15.Nc5 Qb6
16.b4 Rfc8 17.Nc3 a6 18.g4 Be8 19.Qc2 g6 20.h4 Na7 21.h5 Nb5 22.a4 Nxc3 23.Qxc3 Qa7
24.Qb2 Nd7 25.hxg6 hxg6 26.Kg1 Bf6 27.Qh2 Nf8 28.Be5  1-0

[Event "TCh-NOR"]
[Site "Oslo NOR"]
[Date "2006.06.11"]
[Round "5"]
[White "Sahl,Bj"]
[Black "Lie,Es"]
[Result "1-0"]
[WhiteElo "2381"]
[BlackElo "2357"]

1.d4 Nf6 2.Bg5 Ne4 3.Bf4 c5 4.f3 Qa5+ 5.c3 Nf6 6.d5 d6 7.e4 g6 8.Qd2 Nbd7
9.Nh3 b5 10.Nf2 Ba6 11.Be2 b4 12.c4 Nh5 13.Bh6 Bxh6 14.Qxh6 Ne5 15.b3 f6
16.Qd2 g5 17.g3 Ng6 18.f4 Ng7 19.h4 gxh4 20.gxh4 O-O-O 21.a3 Kb8 22.Ra2 Bb7
23.h5 Nf8 24.Nd3 Qb6 25.axb4 cxb4 26.Ra4 a5 27.Qa2 Ne8 28.Nd2 Nd7 29.Rxa5 Rg8
30.Rb5 Rg1+ 31.Nf1 Qxb5 32.cxb5 Rxh1 33.Nxb4 Rc8 34.Qa5 Rc7 35.Nc6+ Kc8 36.b6 Rxc6
37.dxc6 Bxc6 38.Ba6+ Kd8 39.Bb5 Rxh5 40.f5 Bxe4 41.Ng3 Rh4 42.Bxd7  1-0

[Event "2nd Open"]
[Site "San Marino SMR"]
[Date "2006.06.11"]
[Round "9"]
[White "Borbjerggaard,L"]
[Black "Shengelia,D"]
[Result "0-1"]
[WhiteElo "2375"]
[BlackElo "2556"]

1.d4 Nf6 2.Bg5 Ne4 3.Bf4 d5 4.f3 Nf6 5.e4 e6 6.Bd3 c5 7.c3 Nc6 8.Na3 cxd4
9.cxd4 dxe4 10.fxe4 Bb4+ 11.Kf1 Bxa3 12.bxa3 Nxd4 13.Qa4+ Nc6 14.Rd1 O-O
15.e5 Nd5 16.Nf3 Bd7 17.Bg5 Qb6 18.Qh4 g6 19.Qh6 Nxe5 20.Nxe5 f6 21.Nf7 fxg5
22.Bxg6 Bb5+  0-1

[Event "VIII Open"]
[Site "Salou ESP"]
[Date "2006.06.15"]
[Round "9"]
[White "Fenollar Jorda,M"]
[Black "Goettin,G"]
[Result "1-0"]
[WhiteElo "2331"]
[BlackElo "2012"]

1.d4 Nf6 2.Bg5 Ne4 3.Bf4 c5 4.Nd2 Nxd2 5.Qxd2 cxd4 6.Qxd4 Nc6 7.Qa4 g6 8.c3 Bg7
9.e4 d6 10.h4 Qb6 11.Qc2 h5 12.Nf3 Bg4 13.Ng5 Rc8 14.Be3 Qc7 15.Bc4 Ne5 16.Bb3 Nc4
17.Bxc4 Qxc4 18.f3 Bd7 19.Qb3 Qxb3 20.axb3 a6 21.Kd2 f6 22.Nh3 Kf7 23.Nf4 Bc6
24.Nd5 Bxd5 25.exd5 Bh6 26.Bxh6 Rxh6 27.Kd3 Rhh8 28.Ra4 Rc5 29.Kd4 Re8 30.Rb4 Rc7
31.Rb6 e5+ 32.dxe6+ Rxe6 33.Kd3 Rce7 34.Rd1 Re3+ 35.Kc4 Rd7 36.Rdxd6 Rxd6
37.Rxd6 Re2 38.Rd7+ Ke6 39.Rxb7 Rxg2 40.Rb6+ Ke5 41.Rxa6 Rh2 42.b4 Rxh4+
43.Kb3 Rf4 44.Ra8 Kd6 45.c4 h4 46.Rd8+ Kc7 47.Rh8 Rxf3+ 48.Ka4 g5 49.b5 h3
50.Rh7+ Kb8 51.c5 Rf5 52.c6 Rf4+ 53.Ka5 Rh4 54.Rg7 Rh8 55.Kb6 h2 56.Rb7+ Kc8
57.Ra7 Kb8 58.c7+ Kc8 59.Ra8+  1-0

[Event "White Nights Open"]
[Site "St Petersburg RUS"]
[Date "2006.06.24"]
[Round "2"]
[White "Sichinava,Z"]
[Black "Andreev,Ko"]
[Result "0-1"]
[WhiteElo "2021"]
[BlackElo "2322"]

1.d4 Nf6 2.Bg5 Ne4 3.Bh4 d5 4.f3 Nd6 5.Nc3 g6 6.e4 dxe4 7.fxe4 Bg7 8.Nf3 O-O
9.Be2 c5 10.Nd5 Nc6 11.dxc5 Nxe4 12.c3 Be6 13.Nxe7+ Nxe7 14.Qxd8 Rfxd8 15.Bxe7 Re8
16.Bh4 g5 17.Bg3 Bc4 18.Bxc4 Nxg3+ 19.Kf2 Nxh1+ 20.Rxh1 g4 21.Nd2 Re5 22.Nb3 Bf8
23.Kg3 Bxc5 24.Rf1 Bd6 25.Kh4 Be7+ 26.Kxg4 Re4+ 27.Rf4 Rxf4+ 28.Kxf4 Bd6+
29.Kf5 Re8 30.h3 b5 31.Bd3 Re5+ 32.Kf6 Kf8 33.c4 Rh5 34.Bf5 Bf4 35.cxb5 Rh6+
36.Bg6 hxg6  0-1

[Event "White Nights Open"]
[Site "St Petersburg RUS"]
[Date "2006.06.29"]
[Round "7"]
[White "Abramov,Valen"]
[Black "Pirogov,V"]
[Result "1-0"]
[WhiteElo "2333"]
[BlackElo "2390"]

1.d4 Nf6 2.Bg5 Ne4 3.Bh4 d5 4.f3 g5 5.fxe4 gxh4 6.exd5 Qxd5 7.Nc3 Qa5 8.Qd2 Bg7
9.Nf3 Nc6 10.e3 h6 11.g3 Bg4 12.Be2 O-O-O 13.Nb5 Qxd2+ 14.Nxd2 Bf5 15.c3 h5
16.Rf1 Bg6 17.Nf3 Bh6 18.Kf2 e5 19.Rad1 a6 20.Na3 b5 21.Nxh4 Ne7 22.Rfe1 Bg5
23.Nxg6 fxg6 24.Bf1 Rhf8+ 25.Ke2 exd4 26.Bh3+ Kb8 27.cxd4 Nd5 28.Nc2 Rfe8
29.Rd3 h4 30.Bg2 c6 31.Rf1 Re7 32.Bxd5 cxd5 33.g4 h3 34.Rf3 Rh7 35.Nb4 Kb7
36.Rc3 Be7 37.Nc6 Re8 38.Nxe7 Rexe7 39.Rf6 Re4 40.Rxg6 b4 41.Rb3 a5 42.a3 Rc7
43.axb4 a4 44.Rd3 Rc4 45.Rd2 Rxb4 46.Kf2 Rb3 47.Re2 Rd3 48.Rh6 Rxg4 49.Rxh3 Rb3
50.Rh6 Kc7 51.h3 Re4 52.h4 Kd7 53.h5 Ke7 54.Ra6 Rh4 55.h6 Kd7 56.Rxa4 Rxh6
57.Ra7+ Ke8 58.Kf3 Rf6+ 59.Kg4 Re6 60.Rh2  1-0

[Event "Midnight Sun"]
[Site "Tromso NOR"]
[Date "2006.06.30"]
[Round "7"]
[White "Birger Nilsen,J"]
[Black "Royset,P"]
[Result "0-1"]
[WhiteElo "2040"]
[BlackElo "2228"]

1.d4 Nf6 2.Bg5 Ne4 3.Bf4 d5 4.e3 c5 5.Bd3 cxd4 6.exd4 Qb6 7.Bc1 Qg6 8.Kf1 Nc6
9.Nc3 Nxc3 10.bxc3 Bf5 11.Nf3 e6 12.Rb1 Bd6 13.Nh4 Bxd3+ 14.cxd3 Qf6 15.Nf3 Rb8
16.Qa4 O-O 17.Ba3 Qg6 18.Ne1 e5 19.Bxd6 Qxd6 20.Nf3 Rfe8 21.g3 e4 22.Ne1 h5
23.dxe4 Qg6 24.Qc2 Rxe4 25.Ng2 Rbe8 26.Rc1 Qf5 27.Ne3 Qf3 28.Kg1 h4 29.Qd1 Qf6
30.Kg2 h3+ 31.Kxh3 Qxf2 32.Ng4 Qf5 33.Rf1 Qh5+  0-1

[Event "XXXII Open"]
[Site "Badalona ESP"]
[Date "2006.07.02"]
[Round "1"]
[White "Moskalenko,V"]
[Black "Hansen,ReR"]
[Result "1-0"]
[WhiteElo "2543"]
[BlackElo "2096"]

1.d4 Nf6 2.Bg5 Ne4 3.Bf4 d5 4.e3 Bf5 5.f3 Nd6 6.Nc3 e6 7.Bd3 c6 8.e4 Bg6
9.Nge2 Be7 10.Qd2 Nd7 11.O-O-O b5 12.h4 b4 13.h5 bxc3 14.Nxc3 Nc4 15.Bxc4 dxc4
16.hxg6 fxg6 17.d5 cxd5 18.exd5 e5 19.d6 Bf6 20.Be3 Qa5 21.Qd5 Qxd5 22.Rxd5 a6
23.Ne4 O-O 24.b4 a5 25.b5 a4 26.Kd2 Rfc8 27.b6 Rcb8 28.Rb1 Bd8 29.Rdb5 Ra6
30.b7 Ba5+ 31.Ke2 h6 32.Nc5 Nxc5 33.Rxc5 Raa8  1-0

[Event "34th World Open"]
[Site "Philadelphia USA"]
[Date "2006.07.03"]
[Round "7"]
[White "Hoekstra,M"]
[Black "Abrahamyan,T"]
[Result "1/2-1/2"]
[WhiteElo "2363"]
[BlackElo "2262"]

1.d4 Nf6 2.Bg5 Ne4 3.Bf4 c5 4.f3 Qa5+ 5.c3 Nf6 6.Nd2 cxd4 7.Nb3 Qb6 8.Qxd4 Nc6
9.Qxb6 axb6 10.Nd4 Nxd4 11.cxd4 d5 12.e3 Bd7 13.Bc7 b5 14.Bd3 e6 15.Ne2 Bc6
16.g4 Kd7 17.Bg3 b4 18.Kd2 Be7 19.h4 Ra7 20.b3 Rha8 21.Nc1 h6 22.g5 Ne8 23.gxh6 gxh6
24.Kc2 Nf6 25.Rg1 Rg8 26.Ne2 Nh5 27.Bf2 Rxg1 28.Nxg1 Ra8 29.Ne2 f5 30.Kb2 Rg8
31.Rg1 Rxg1 32.Nxg1 Kc7 33.Ne2 Be8 34.Kc2 Bd6 35.Kd2 Nf6 36.Nc1 Bh5 37.Be2 e5
38.dxe5 Bxe5 39.Nd3 Bc3+ 40.Kd1 Kc6 41.Bg3 d4 42.exd4 Kd5 43.Bf2 Bxd4 44.Nxb4+ Kc5
45.Nd3+ Kd5 46.Nf4+ Ke5 47.Bg3 Be8 48.Bc4 Kd6 49.Nd5+ Kc5 50.Nc7 Bd7 51.a4 Nh5
52.Be1 Nf4 53.Bd2 Be5 54.Nb5 Bc6 55.Be3+ Kb4 56.Kc2 Bxf3 57.Bd2+ Kc5 58.Be3+ Kc6
59.Nd4+ Bxd4 60.Bxd4 Bd5 61.Bb5+ Kd6 62.b4 Bc6 63.Bc5+ Kd5 64.Bxc6+ Kxc6
65.Be3 Ng2 66.Bxh6 Nxh4 67.Kc3 b6  1/2-1/2

[Event "XXXII Open"]
[Site "Badalona ESP"]
[Date "2006.07.07"]
[Round "6"]
[White "Narciso Dublan,M"]
[Black "Fluvia,J"]
[Result "1-0"]
[WhiteElo "2467"]
[BlackElo "2482"]

1.d4 Nf6 2.Bg5 Ne4 3.Bf4 e6 4.e3 c5 5.Bd3 d5 6.Bxe4 dxe4 7.Nc3 cxd4 8.Qxd4 Qxd4
9.exd4 Bb4 10.Ne2 Nc6 11.O-O-O f5 12.d5 Ne7 13.Nb5 Ba5 14.Nd6+ Kf8 15.Nxc8 Nxc8
16.dxe6 Ke7 17.Bg5+ Kxe6 18.Nf4+ Kf7 19.Rd7+ Ke8 20.Rhd1 Rg8 21.Ne6 Rb8 22.Bf4 Nb6
23.Nc7+  1-0

[Event "35th TCh-GRE"]
[Site "Ermioni GRE"]
[Date "2006.07.07"]
[Round "5"]
[White "Ballas,K"]
[Black "Tzouganakis,P"]
[Result "0-1"]
[WhiteElo "1848"]
[BlackElo "1793"]

1.d4 Nf6 2.Bg5 Ne4 3.Bf4 d5 4.f3 Nf6 5.Nd2 e6 6.c3 Be7 7.Nh3 Nbd7 8.Nf2 c5
9.e4 Nb6 10.Be3 Qc7 11.Rc1 O-O 12.e5 Nfd7 13.Bd3 c4 14.Bb1 f6 15.Qc2 g6 16.f4 Qd8
17.h4 fxe5 18.h5 exf4 19.Bxf4 Rxf4 20.hxg6 Bh4 21.g3 Bxg3 22.Rxh7 Bxf2+ 23.Kd1 Qg5
24.Nf3 Rxf3 25.g7 Qg1+ 26.Ke2 Re3+  0-1

[Event "FSGM July"]
[Site "Budapest HUN"]
[Date "2006.07.08"]
[Round "8"]
[White "Chernyshov,K"]
[Black "Radziewicz,I"]
[Result "1-0"]
[WhiteElo "2544"]
[BlackElo "2425"]

1.d4 Nf6 2.Bg5 Ne4 3.Bf4 c5 4.f3 Nf6 5.d5 Nh5 6.Bg5 h6 7.Bh4 g5 8.Bf2 d6
9.e4 Bg7 10.c3 Nd7 11.Ne2 Ne5 12.Ng3 Nf4 13.Be3 O-O 14.h4 c4 15.hxg5 Ned3+
16.Kd2 hxg5 17.Bxd3 cxd3 18.Nh5 e6 19.Qg1 Nxh5 20.Rxh5 f5 21.dxe6 Bxe6 22.Na3 b5
23.Bd4 b4 24.cxb4 Be5 25.Bxe5 dxe5 26.Qe3 f4 27.Qc5 Bf7 28.Rh6 Kg7 29.Rah1 Bg6
30.Qxe5+ Qf6 31.Nc4 Rae8 32.Qxf6+ Rxf6 33.b5 Rb8 34.a4 a6 35.Ne5 axb5 36.Nd7 Rc8
37.Nxf6 Kxf6 38.Rc1  1-0

[Event "REDA IM"]
[Site "Brno CZE"]
[Date "2006.07.09"]
[Round "11"]
[White "Cech,P"]
[Black "Szymanski,M"]
[Result "1/2-1/2"]
[WhiteElo "2416"]
[BlackElo "2412"]

1.d4 Nf6 2.Bg5 Ne4 3.Bf4 c5 4.f3 Qa5+ 5.c3 Nf6 6.Nd2 cxd4 7.Nb3 Qb6 8.Qxd4 Nc6
9.Qxb6 axb6 10.Nd4 e5 11.Nxc6 exf4 12.Nd4 d5 13.g3 Bd6 14.Kf2 Ke7 15.gxf4 Bxf4
16.Bh3 Be6 17.e3 Bc7 18.Nf5+ Kf8 19.Nd4 Ke7 20.Nf5+ Kf8 21.Nd4 Re8 22.Bf1 Ke7
23.Bb5 Rc8 24.h4 g6 25.Nge2 Nh5 26.Rad1 Be5 27.Ba4 Rc5 28.Bb3 Ra8 29.Nc2 Rd8
30.Nb4 Bf6 31.Rd2 Ra5 32.Rd3  1/2-1/2

[Event "FSGM July"]
[Site "Budapest HUN"]
[Date "2006.07.09"]
[Round "9"]
[White "Berg,K"]
[Black "Ilincic,Z"]
[Result "1-0"]
[WhiteElo "2393"]
[BlackElo "2515"]

1.d4 Nf6 2.Bg5 Ne4 3.Bf4 c5 4.f3 Nf6 5.dxc5 Qa5+ 6.Qd2 Qxc5 7.Nc3 d6 8.e4 a6
9.O-O-O Nbd7 10.g4 g6 11.h4 h6 12.Nh3 Bg7 13.Be3 Qa5 14.Kb1 Ne5 15.Qf2 Nexg4
16.fxg4 Nxg4 17.Qd2 Bxc3 18.bxc3 Nxe3 19.Qxe3 Be6 20.c4 b5 21.Nf4 Bxc4 22.Bxc4 bxc4
23.Nd5 e6 24.Qd4 Rb8+ 25.Ka1 O-O 26.Nf6+ Kh8 27.Nd7+ e5 28.Qd2 Rb1+ 29.Kxb1 Qb5+
30.Ka1 Qxd7 31.Qxh6+  1-0

[Event "Inautomarket Open"]
[Site "Minsk BLR"]
[Date "2006.07.10"]
[Round "1"]
[White "Aleksandrov,A"]
[Black "Redko,S"]
[Result "1-0"]
[WhiteElo "2627"]
[BlackElo "2225"]

1.d4 Nf6 2.Bg5 Ne4 3.Bf4 c5 4.f3 Nf6 5.d5 d6 6.e4 e5 7.Be3 g6 8.c4 Bg7 9.Nc3 Nh5
10.Qd2 O-O 11.g4 Nf4 12.h4 Nd7 13.Nge2 a6 14.a4 f5 15.exf5 gxf5 16.g5 Nh5
17.Rg1 f4 18.Bf2 e4 19.Nxe4 Ne5 20.Qc3 Bf5 21.Nc1 Nxf3+ 22.Qxf3 Bxe4 23.Qxh5 Bxb2
24.g6 hxg6 25.Rxg6+ Bxg6 26.Qxg6+ Kh8 27.Qh6+ Kg8 28.Bh3 Bxa1 29.Be6+ Rf7
30.Qg6+ Kh8 31.Qxf7 Qf6 32.Qh5+ Kg7 33.Kf1 b5 34.axb5 axb5 35.cxb5 Bd4 36.Bxd4 cxd4
37.Nd3 f3 38.Bf5 Ra1+ 39.Kf2 Rh1 40.Qh7+ Kf8 41.Nf4  1-0

[Event "5th Open"]
[Site "La Fere FRA"]
[Date "2006.07.12"]
[Round "7"]
[White "Godart,M"]
[Black "Bosch,Jo"]
[Result "0-1"]
[WhiteElo "1857"]
[BlackElo "2035"]

1.d4 Nf6 2.Bg5 Ne4 3.Bh4 c5 4.f3 Qa5+ 5.c3 Nf6 6.Bxf6 gxf6 7.dxc5 Qxc5 8.Nd2 Bh6
9.e4 Be3 10.Nh3 d6 11.g4 h5 12.Qe2 hxg4 13.fxg4 Nc6 14.Nc4 Bh6 15.b4 Nxb4
16.cxb4 Qxb4+ 17.Nd2  0-1

[Event "XXIV Andorra Open"]
[Site "Andorra la Vella AND"]
[Date "2006.07.14"]
[Round "7"]
[White "De la Villa Garcia,J"]
[Black "Sethuraman,S"]
[Result "1/2-1/2"]
[WhiteElo "2452"]
[BlackElo "2290"]

1.d4 Nf6 2.Bg5 Ne4 3.Bh4 c5 4.f3 Qa5+ 5.c3 Nf6 6.d5 Qb6 7.b3 d6 8.e4 Nbd7
9.Nd2 g6 10.Bd3 Bg7 11.Ne2 O-O 12.Nc4 Qc7 13.a4 b6 14.O-O Bb7 15.Ne3 Rfe8
16.Ra2 a6 17.c4 e6 18.Bf2 exd5 19.Nxd5 Nxd5 20.exd5 Ne5 21.Ng3 b5 22.f4 Nxd3
23.Qxd3 bxc4 24.bxc4 f5 25.a5 Bc8 26.Re1 Bd7 27.Nf1 Rab8 28.Rxe8+ Rxe8 29.Nd2 Qb7
30.Nf3 Qb4 31.Re2 Qxa5 32.Be1 Qd8 33.Ra2 Qb6 34.h3 Bc8 35.Kh2 Qd8 36.Bh4 Qc7
37.Ng5 Qe7 38.Bf2 Bh6 39.h4 Bxg5 40.fxg5 Qe5+ 41.g3 Qe4 42.Qc3 f4 43.gxf4 Bg4
44.Rxa6 Bf3 45.Ra2 Qb1 46.Ra1 Qe4 47.Ra2 Qxf4+ 48.Bg3 Qe4 49.Qb3 h6 50.Qc2 Qxc2+
51.Rxc2 hxg5 52.Bxd6 Re2+ 53.Rxe2 Bxe2  1/2-1/2

[Event "16th Heart of Finland Open"]
[Site "Jyvaskyla FIN"]
[Date "2006.07.15"]
[Round "7"]
[White "Karttunen,M"]
[Black "Hintikka,E"]
[Result "1-0"]
[WhiteElo "2422"]
[BlackElo "2123"]

1.d4 Nf6 2.Bg5 Ne4 3.Bf4 e6 4.f3 Bd6 5.Bxd6 Nxd6 6.e4 f5 7.e5 Nf7 8.f4 c5
9.dxc5 Qa5+ 10.Qd2 Qxc5 11.Nc3 g5 12.g3 b5 13.Bg2 Nc6 14.Qf2 Qxf2+ 15.Kxf2 b4
16.Na4 Rb8 17.Bxc6 dxc6 18.Nf3 Rg8 19.Rhd1 Rb5 20.Rd4 Ke7 21.Rc4 Bd7 22.Nc5 gxf4
23.gxf4 Ra5 24.Rd1 Rd8 25.Nb7 Rd5 26.Rxd5 cxd5 27.Rxb4 Rb8 28.a3 Rc8 29.Nd4 Rg8
30.Nc5 Nd8 31.h3 h5 32.Rb8 Rg6 33.Ra8 Nc6 34.Nxc6+ Bxc6 35.Rxa7+ Kd8 36.Nb3 Bd7
37.Nd4 h4 38.Ra8+ Bc8 39.Nc6+ Kd7 40.Rxc8  1-0

[Event "Inautomarket Open"]
[Site "Minsk BLR"]
[Date "2006.07.16"]
[Round "7"]
[White "Aleksandrov,A"]
[Black "Danin,A"]
[Result "0-1"]
[WhiteElo "2627"]
[BlackElo "2431"]

1.d4 Nf6 2.Bg5 Ne4 3.Bf4 c5 4.f3 Qa5+ 5.c3 Nf6 6.d5 Qb6 7.e4 Qxb2 8.Nd2 Qxc3
9.Bc7 d6 10.Ne2 Qe3 11.Nc4 Qh6 12.Bxb8 Rxb8 13.Qa4+ Nd7 14.Qxa7 g6 15.Nb6 Nxb6
16.Qxb8 Qe3 17.Rb1 Bh6 18.h4 Bf4 19.Rb3 Qd2+ 20.Kf2 c4 21.Ra3 O-O 22.Qc7 Qb2
23.Ra7 Be5 24.Qxe7 Nxd5 25.exd5 Qb6+ 26.Ke1 Qxa7 27.h5 Qe3 28.Kd1 c3  0-1

[Event "3rd ACT"]
[Site "Amsterdam NED"]
[Date "2006.07.18"]
[Round "4"]
[White "Van Ruitenburg,J"]
[Black "Timman,T"]
[Result "1/2-1/2"]
[WhiteElo "2315"]
[BlackElo "2260"]

1.d4 Nf6 2.Bg5 Ne4 3.Bh4 c5 4.f3 g5 5.fxe4 gxh4 6.e3 Bh6 7.Nd2 d5 8.Qh5 Bxe3
9.O-O-O cxd4 10.Nf3 dxe4 11.Bc4 exf3 12.Qxf7+ Kd7 13.Rhe1 Rf8 14.Qg7 Kc7
15.Rxe3 dxe3 16.Nxf3 Bd7 17.Qe5+ Kc8 18.Nd4 Qc7 19.Qxe7 Re8 20.Qf7 Qe5 21.Ne6 Rxe6
22.Rxd7 Nxd7 23.Bxe6 Qd6 24.Bxd7+ Qxd7 25.Qf8+ Kc7 26.Qc5+ Qc6 27.Qe7+ Kb6
28.Qb4+ Qb5 29.Qd6+ Ka5 30.Qa3+ Kb6 31.Qd6+ Qc6 32.Qb4+ Kc7 33.Qe7+  1/2-1/2

[Event "3rd ACT"]
[Site "Amsterdam NED"]
[Date "2006.07.20"]
[Round "6"]
[White "Van Ruitenburg,J"]
[Black "Thiel,T"]
[Result "1-0"]
[WhiteElo "2315"]
[BlackElo "2302"]

1.d4 Nf6 2.Bg5 Ne4 3.Bh4 d5 4.f3 Nd6 5.c3 g6 6.Nd2 Bh6 7.e4 O-O 8.Bd3 Qe8
9.exd5 e5 10.dxe6 Bxe6 11.Ne2 Bf5 12.Nc4 Bxd3 13.Qxd3 Qb5 14.b3 Re8 15.Bf2 Nd7
16.Nb2 Re7 17.Kf1 Rae8 18.Ng3 Qa5 19.a4 Re3 20.Bxe3 Rxe3 21.b4 Qd5 22.Qc2 Nc4
23.Kf2 Nd2 24.Rhe1 Rxf3+ 25.Kg1 Rxg3 26.hxg3 Nf6 27.Re5 Qd7 28.Re2 Qg4 29.Rxd2 Be3+
30.Kf1 Ne4 31.Re2 Nxg3+ 32.Ke1 Qf4 33.Kd1 Nf5 34.Qd3 Qf1+ 35.Re1 Qxg2 36.Rxe3 Qxb2
37.Re8+ Kg7 38.Rc1 Qa2 39.Re2 Qxa4+ 40.Kd2 h5 41.Qc4 Qd7 42.Qc5 Nd6 43.Rce1 Qa4
44.Qxc7 Qa2+ 45.Ke3 Qe6+ 46.Kd3 Qf5+ 47.Kd2 Qf4+ 48.Kc2 h4 49.Qc5  1-0